000 01202nam a2200289 i 4500
001 8181
003 KOSZ 005
005 20210413114904.0
008 080620s1964 pl a f 000 0 pol
015 _aPB 1965/1111
040 _aWA N
_cKOSZ 005/RW
_dKOSZ 005/RW
041 1 _apol
_hrus
080 _a621.3:537
100 1 _aAlekseev, Georgij Nikolaevič.
_eAutor.
245 1 0 _aBezpośrednia przemiana różnych rodzajów energii na energię elektryczną i mechaniczną /
_cG. N. Aleksiejew ; tł. z ros. Wiktor Żyszkowski.
246 1 _iTyt. oryg.:
_aNeposredstvennoe prevraŝene različnyh vidov ènergii v èlektričeskuû i mechaničeskuû
260 _aWarszawa :
_bWydawnictwa Naukowo-Techniczne,
_c1964.
300 _a348, [2] s. :
_bil. ;
_c23 cm.
380 _aKsiążki.
504 _aBibliogr. s. 335-[349].
521 8 _aDla pracowników naukowych i inżynierów-techników oraz dla studentów.
650 4 _aEnergia
710 2 _aWydawnictwa Naukowo-Techniczne
_4pbl.
700 1 _aŻyszkowski, Wiktor
_eTłumaczenie
856 _uhttp://koha.tu.koszalin.pl/cgi-bin/koha/opac-detail.pl?biblionumber=8181
_yKatalog online BPK
942 _2UKD
_cKS
999 _c8181
_d8181